| 000 | 00880nam a2200229 4500 | ||
|---|---|---|---|
| 001 | 116276 | ||
| 003 | ES-MaACL | ||
| 005 | 20230906190655.0 | ||
| 007 | t| | ||
| 008 | 061121m19061909sp r ||||1| spa d | ||
| 080 | _a738.033.5(460.313 Manises) | ||
| 100 | 1 |
_aOsma, G. J. de. _987757 |
|
| 245 | 1 | 3 |
_aLa loza dorada de Manises en el año 1454 _b: (cartas de la reina de Aragón a don Pedro Boil.) / _cpor G. J. de Osma. |
| 260 |
_aMadrid : _b[s.n.], _c1906 ( _fImp. de Hijos de Manuel Ginés) |
||
| 300 |
_a66 p.,[1] h. de lám. : _bil. ; _c29 cm. |
||
| 490 | 1 |
_aApuntes sobre cerámica morisca. Textos y documentos valencianos ; _v1 |
|
| 500 | _aEjemplar numerado, nº 60. | ||
| 650 | 4 |
_aCerámica de Manises. _9149913 |
|
| 830 | 0 |
_aApuntes sobre cerámica morisca. Textos y documentos valencianos ; _v1 _9191198 |
|
| 852 |
_aES-MaACL _jB-11471(1) |
||
| 999 |
_c116276 _d116276 |
||